=LDR 00000nam 2200000 4500 =001 INLIS000000000036839 =005 20130612142612 =008 ***********************************Ind** =035 ##$$0010-061300000036839 =041 ##$$a Ind =082 ##$$a 635.9 =090 ##$$a 635.9, Lim b =100 ##$$a Lingga, Lanny =245 ##$$a Bromelia, Lanny Lingga =260 ##$$a 2008 $b Jakarta =300 ##$$a 104 hlm, ilus, 24 cm =650 ##$$a Tanaman hias =850 ##$$a NBPNMAT